Tài liệu thí nghiệm vi - hoá sinh ứng dụng trong công nghệ môi trường
Trình bày về hoá sinh và vi sinh ứng dụng trong công nghệ môi trường. Thí nghiệm xử lý nước thải bằng phương pháp sinh học
Đã lưu trong:
| 主要作者: | |
|---|---|
| 格式: | 圖書 |
| 語言: | Undetermined |
| 出版: |
Hà Nội
Bách khoa Hà Nội
2008
|
| 主題: | |
| 標簽: |
添加標簽
沒有標簽, 成為第一個標記此記錄!
|
| Thư viện lưu trữ: | Trung tâm Học liệu Trường Đại học Cần Thơ |
|---|
| LEADER | 00961nam a2200217Ia 4500 | ||
|---|---|---|---|
| 001 | CTU_176525 | ||
| 008 | 210402s9999 xx 000 0 und d | ||
| 020 | |c 43000 | ||
| 082 | |a 628.028 | ||
| 082 | |b S464 | ||
| 100 | |a Nguyễn, Thị Sơn | ||
| 245 | 0 | |a Tài liệu thí nghiệm vi - hoá sinh ứng dụng trong công nghệ môi trường | |
| 245 | 0 | |c Nguyễn Thị Sơn, Trần Lệ Minh | |
| 260 | |a Hà Nội | ||
| 260 | |b Bách khoa Hà Nội | ||
| 260 | |c 2008 | ||
| 520 | |a Trình bày về hoá sinh và vi sinh ứng dụng trong công nghệ môi trường. Thí nghiệm xử lý nước thải bằng phương pháp sinh học | ||
| 650 | |a Biotechnology,Bacillus (Bacteria),Biotechnology,Công nghệ sinh học,Công nghệ vi sinh | ||
| 650 | |x Biotechnology,Industrial applications | ||
| 910 | |a Nguyên | ||
| 980 | |a Trung tâm Học liệu Trường Đại học Cần Thơ | ||